The sun also rises (Record no. 4849)

MARC details
000 -CABECERA
campo de control de longitud fija 01288nam a2200265ui 4500
001 - NÚMERO DE CONTROL
campo de control 990231290290107026
003 - IDENTIFICADOR DEL NÚMERO DE CONTROL
campo de control UkOxU
005 - FECHA Y HORA DE LA ÚLTIMA TRANSACCIÓN
campo de control 20250711113321.0
008 - DATOS DE LONGITUD FIJA--INFORMACIÓN GENERAL
campo de control de longitud fija 221007s2022 enk|||| | |||| ||eng d
020 ## - NÚMERO INTERNACIONAL ESTÁNDAR DEL LIBRO
Número Internacional Estándar del Libro 9781784878092 (pbk.)
035 ## - NÚMERO DE CONTROL DEL SISTEMA
Número de control de sistema (UkOxU)023129029
035 ## - NÚMERO DE CONTROL DEL SISTEMA
Número de control de sistema (UkOxU)023129029BIB01
035 ## - NÚMERO DE CONTROL DEL SISTEMA
Número de control de sistema (StEdALDL)1/4200876
040 ## - FUENTE DE LA CATALOGACIÓN
Centro catalogador/agencia de origen StEdALDL
Lengua de catalogación eng
Normas de descripción rda
Centro/agencia transcriptor StEdALDL
050 ## - SIGNATURA TOPOGRÁFICA DE LA BIBLIOTECA DEL CONGRESO
Número de clasificación PS3515
Número de documento/Ítem .E53S9 2014
100 ## - ENTRADA PRINCIPAL--NOMBRE DE PERSONA
Nombre de persona Hemingway, Ernest
Fechas asociadas al nombre 1899-1961
9 (RLIN) 25736
Término indicativo de función/relación author
245 00 - MENCIÓN DE TÍTULO
Título The sun also rises
Mención de responsabilidad, etc. / Ernest Hemingway.
260 ## - PUBLICACIÓN, DISTRIBUCIÓN, ETC.
Lugar de publicación, distribución, etc. London :
Nombre del editor, distribuidor, etc. Vintage,
Fecha de publicación, distribución, etc. 2022.
300 ## - DESCRIPCIÓN FÍSICA
Extensión 216 pages ;
Dimensiones 20 cm.
520 ## - SUMARIO, ETC.
Sumario, etc. Paris in the twenties: Pernod, parties and expatriate Americans, loose-living on money from home. Jake is wildly in love with Brett Ashley, aristocratic and irresistibly beautiful, with an abandoned, sensuous nature that she cannot change. When the couple drift to Spain to the dazzle of the fiesta and the heady atmosphere of the Bullfight, their affair is strained by new passions, new jealousies, and Jake must finally learn that he will never possess the woman that he loves.
650 #0 - PUNTO DE ACCESO ADICIONAL DE MATERIA--TÉRMINO DE MATERIA
Término de materia o nombre geográfico como elemento de entrada Americans
Subdivisión geográfica Spain
Subdivisión de forma Fiction
9 (RLIN) 25737
650 #0 - PUNTO DE ACCESO ADICIONAL DE MATERIA--TÉRMINO DE MATERIA
Término de materia o nombre geográfico como elemento de entrada Expatriation
Subdivisión de forma Fiction
9 (RLIN) 25738
651 #0 - PUNTO DE ACCESO ADICIONAL DE MATERIA--NOMBRE GEOGRÁFICO
Nombre geográfico Spain
Subdivisión general History
Subdivisión cronológica Alfonso XIII, 1886-1931
Subdivisión de forma Fiction
9 (RLIN) 25739
942 ## - ELEMENTOS DE ENTRADA AGREGADA (KOHA)
Fuente del sistema de clasificación o colocación Clasificación de Library of Congress
Holdings
Estado de retiro Estado de pérdida Fuente del sistema de clasificación o colocación Estado dañado No para préstamo Biblioteca de origen Biblioteca actual Fecha de adquisición Total de préstamos Signatura topográfica completa Código de barras Fecha visto por última vez Número de copia Precio válido a partir de Tipo de ítem Koha
    Clasificación de Library of Congress     TBS Barcelona TBS Barcelona 11/07/2025   P-EN HEM B05844 11/07/2025 1 11/07/2025 Book

Powered by Koha